Poland Voivodeships by Picture - Statistics

General Stats
  • This quiz has been taken 21 times
    20 since last reset
  • The average score is 8 of 16
Answer Stats
Picture Answer % Correct
Masovia
87%
Pomerania
87%
Lesser Poland
80%
Silesia
80%
Podlaskie
73%
Lubusz
67%
Greater Poland
47%
Lower Silesia
47%
Łódź
40%
Lublin
40%
West Pomerania
40%
Holy Cross
33%
Opole
33%
Warmia-Masuria
33%
Podkarpackie
27%
Kuyavia-Pomerania
13%
No matching quizzes found
Score Distribution
Percent of People with Each Score
Percentile by Number Answered
Your Score History
You have not taken this quiz since the last reset